| 000 | 00847nam a2200193Ia 4500 | ||
|---|---|---|---|
| 008 | 130821s2004 ck gs spa | ||
| 040 |
_aCo-BoUCM _bspa |
||
| 041 | 0 | 0 | _aspa |
| 092 | _aCD-ROM 0184 | ||
| 110 | 1 |
_aBogotá. _bAlcaldía Mayor. _bSecretaría Salud |
|
| 111 | _aForo internacional Modelos de Atención en Salud (1: 2004 may 25-26 : Bogotá) | ||
| 245 | 1 | 0 |
_aLanzamiento del modelo de atención en salud con enfoque familiar y comunitario. _cSecretaría de salud de Bogotá |
| 260 |
_aBogotá (Colombia) _bSecretaría de Salud _c2004 |
||
| 300 | _a1 CD-ROM | ||
| 650 | 0 | 4 |
_aAtención primaria de la salud _zBogotá (Colombia) _vCongresos, conferencias, etc. _vCD-ROM _99717 |
| 650 | 0 | 4 |
_aSalud pública _98073 |
| 650 | 0 | 4 |
_aSalud pública _zBogotá (Colombia) _vCongresos, conferencias, etc. _vCD-ROM _98073 |
| 942 |
_cMULTIMEDIA _2LOCAL _a15 _e1 |
||
| 999 |
_c44175 _d44175 |
||